| 000 | 01030nam0a22002411 4500 | ||
|---|---|---|---|
| 001 | rc\2831785 | ||
| 005 | 20250529201552.0 | ||
| 035 | _a(NLR Aleph) 006989721 | ||
| 090 |
_a5614670 _c5614670 |
||
| 100 | _a20110626d1929 |||y0rusy50 ca | ||
| 101 | 0 | _arus | |
| 102 | _aRU | ||
| 105 | _ah z ||||| | ||
| 200 | 1 |
_aИмпериалистическая немецкая оккупация (май-сентябрь 1918 года) _fПод ред. К.В. Губарева |
|
| 210 |
_a[Таганрог] _cИстпарт Тагокружкома ВКП(б) _d1929 _gтип. изд-во "Кр. знамя" |
||
| 215 |
_a45 с. _cфакс. _d18×13 см |
||
| 702 | 1 |
_aГубарев _bК.В. _gКозьма Васильевич _4340 |
|
| 712 | 0 | 2 |
_aВКП(б) _bТаганрогский окружной комитет _bОтдел по изучению истории Октябрьской революции и ВКП(б) _4570 |
| 801 | 0 |
_aRU _bNLR _gpsbo |
|
| 801 | 1 |
_aRU _bELAR _2rusmarc |
|
| 852 |
_aNLR _j39/2464 |
||
| 942 | _cBOOK | ||
| 980 | _aNB | ||